Vplyv štýlu vedenia v pracovnej skupine na výkonnosť zamestnancov bakalárska práca

Uložené v:
Podrobná bibliografia
Hlavný autor: Spišáková, Petra
Korporativný autor: Fakulta podnikového manažmentu EU. Katedra manažmentu
Ďalší autori: Jamnický, Peter
Médium: Kniha
Jazyk:Slovak
Vydavateľské údaje: Bratislava 2016
Tagy: Pridať tag
Žiadne tagy, Buďte prvý, kto otaguje tento záznam!

MARC

LEADER 00000nbm a2200000 4500
001 0232170
005 20171215130215.5
041 0 |a slo 
044 |a SK 
245 1 0 |a Vplyv štýlu vedenia v pracovnej skupine na výkonnosť zamestnancov  |b bakalárska práca  |c Petra Spišáková ; školiteľ: Peter Jamnický 
264 1 |a Bratislava  |c 2016 
300 |a 59 s. 
100 1 |a Spišáková, Petra 
700 1 |a Jamnický, Peter 
710 2 |a Fakulta podnikového manažmentu EU. Katedra manažmentu